Ιστορία της φιλοσοφίας : 19ος αιώνας

Saved in:
Bibliographic Details
Other Authors: Χριστοδουλίδης, Παύλος (Translator), Πατρίκιος, Τίτος, 1928- (Translator)
Format: Book
Language:Greek
French
Published: Αθήνα : Μορφωτικό Ιδρυμα Εθνικής Τραπέζης, 1978, 1982.
Edition:2η έκδ. [ανατύπωση].
Series:Encyclopedie de la Pleiade
Subjects:
Tags: Add Tag
No Tags, Be the first to tag this record!

MARC

LEADER 00000cam a2200000 i 4500
001 1/1795
008 950718r19781982gr | ||| |||| ||gre||
035 |l 10014579 
040 |a GR-MyUA  |b gre  |e AACR2 
041 1 |a gre  |h fre 
082 0 |a 190.9 
245 1 0 |a Ιστορία της φιλοσοφίας :   |b 19ος αιώνας /   |c μετάφραση Τίτου Πατρίκιου; Παύλου Χριστοδουλίδη.  
250 |a 2η έκδ. [ανατύπωση].  
260 |a Αθήνα :   |b Μορφωτικό Ιδρυμα Εθνικής Τραπέζης,   |c 1978, 1982.  
300 |a 379 σ.  
490 1 |a (Encyclopedie de la Pleiade)  
500 |a Τίτλος πρωτοτύπου: Histoire de la philosophie - Du XIXe siecle a nos jours.  
650 0 0 |a Philosophy  |x History. 
650 0 0 |a Philosophy, Modern  |y 19th century. 
700 1 |a Χριστοδουλίδης, Παύλος,  |e trl 
700 1 |a Πατρίκιος, Τίτος,   |d 1928-  |e trl 
740 0 2 |a Ρομαντικοί - κοινωνιολόγοι 
830 0 |a Encyclopedie de la Pleiade 
852 |a INST  |b LESVOS  |e 19950718  |h 190.9 ΙΣΤ  |p 005100003889  |q 005100003889  |t BK  |y 0 
852 |a INST  |b LESVOS  |e 19960618  |h 190.9 ΙΣΤ  |p 005100006381  |q 005100006381  |t BK  |y 0 
852 |a INST  |b LESVOS  |e 20141105  |h 190.9 ΙΣΤ  |p 005100055390  |q 005100055390  |t BK  |y 0 
909 |a Λ  |b 016674